RC Strasbourg Alsace Squad 2022-2023 - Statistics

General Stats
  • This quiz has been taken 25 times
    19 since last reset
  • The average score is 24 of 30
Answer Stats
# Position Nation Player % Correct
20 FW Senegal Habib Diallo
100%
9 FW France Kévin Gameiro
100%
12 FW South Africa Lebo Mothiba
100%
1 GK Belgium Matz Sels
100%
24 DF Ghana Alexander Djiku
92%
16 GK Japan Eiji Kawashima
92%
22 DF France Gerzino Nyamsi
92%
19 MF France Habib Diarra
92%
27 MF France Ibrahima Sissoko
92%
- Coach France Julien Stéphan
92%
5 DF France Lucas Perrin
92%
11 MF France Dimitri Liénard
85%
77 DF Ukraine Eduard Sobol
85%
32 DF France Frédéric Guilbert
85%
6 MF Ivory Coast Jean-Eudes Aholou
85%
4 DF Poland Karol Fila
85%
25 FW France Ludovic Ajorque
85%
14 MF Bosnia and Herzegovina Sanjin Prcić
85%
- Coach France Frédéric Antonetti
77%
17 MF France Jean-Ricner Bellegarde
77%
3 DF France Thomas Delaine
77%
10 MF France Adrien Thomasson
69%
8 MF France Morgan Sanson
69%
2 DF France Colin Dagba
62%
29 DF France Ismaël Doukouré
62%
- Coach France Mathieu Le Scornet
62%
23 DF France Maxime Le Marchand
62%
18 MF Japan Yuito Suzuki
62%
34 MF France Nordine Kandil
38%
18 DF France Ronaël Pierre-Gabriel
38%
No matching quizzes found
Score Distribution
Percent of People with Each Score
Percentile by Number Answered
Your Score History
You have not taken this quiz since the last reset